00403nam a22001457a 450000500170000000800410001704100130005808200130007110000130008424500310009725000200012826000570014830000260020565000260023120240625125059.0240625b |||||||| |||| 00| 0 eng d aEnglish  a349 HAL  lEnglish  aHalsbury's Laws of England aFourth Edition  aLondon: bButterworth and Co. Publishers Ltd, c1973 b1071 pages; c25 cm.  aLegal practice bLaw